Science Quiz

Random Science or Animal Quiz

Is That a Scientific Name? Quiz Stats

 Plays Quiz Updated Apr 22, 2018

Score 0/16 Timer 05:00
1 Play Today
Scientific Name Real (R) or Fake (F)? % Correct
Canis lupus???
90.3%
Burgerus kingus???
87.4%
Coolus runningus???
86.2%
Ursus arctos???
83.7%
Fordus mustangus???
83.7%
Wingardium leviosa???
80.2%
Gallus gallus domesticus???
78.3%
Capra hircus???
77.5%
Scientific Name Real (R) or Fake (F)? % Correct
Sus domestica???
74.3%
Rattus rattus???
73.6%
Bus domestica???
71.5%
Arcticus monkus???
71%
Felis catus???
68.2%
Maximus decimus meridius???
67.2%
Rangifer tarandus???
64.8%
Habeas porpus???
61.7%

You're not logged in!

Compare scores with friends on all Sporcle quizzes.
OR
Log In

Sporcle TV

Today on Sporcle TV


Watch our educational content, quiz creation guides, and fun videos on Sporcle TV.

Show Comments

Extras

Top Quizzes Today


Score Distribution

Your Account Isn't Verified!

In order to create a playlist on Sporcle, you need to verify the email address you used during registration. Go to your Sporcle Settings to finish the process.

Report this User

Report this user for behavior that violates our Community Guidelines.

Details: